| Tag |
First Indicator |
Second Indicator |
Subfields |
| LEADER |
00000pam a2200000 a 4500 |
| 001 |
in00000090017 |
| 005 |
20151008063621.0 |
| 008 |
800519s1981 caua b 00110 engm |
| 010 |
|
|
|a 80015149
|
| 020 |
|
|
|a 0520041119
|
| 035 |
|
|
|a (OCoLC)06378448
|
| 035 |
|
|
|9 AAK2601AM
|
| 040 |
|
|
|a DLC
|c DLC
|d m.c.
|d TXA
|d UtOrBLW
|
| 043 |
|
|
|a a-cc---
|
| 049 |
|
|
|a TXAM
|c [1361578]
|
| 050 |
0 |
0 |
|a PL2442
|b .L5
|
| 082 |
0 |
|
|a 895.1/35/09
|
| 100 |
1 |
|
|a Link, E. Perry
|q (Eugene Perry),
|d 1944-
|
| 245 |
1 |
0 |
|a Mandarin ducks and butterflies :
|b popular fiction in early twentieth-century Chinese cities /
|c E. Perry Link, Jr.
|
| 264 |
|
1 |
|a Berkeley :
|b University of California Press,
|c [1981]
|
| 264 |
|
4 |
|c ©1981
|
| 300 |
|
|
|a x, 313 pages :
|b illustrations ;
|c 24 cm.
|
| 336 |
|
|
|a text
|b txt
|2 rdacontent
|
| 337 |
|
|
|a unmediated
|b n
|2 rdamedia
|
| 338 |
|
|
|a volume
|b nc
|2 rdacarrier
|
| 500 |
|
|
|a Includes index.
|
| 504 |
|
|
|a Bibliography: pages 290-300.
|
| 650 |
|
0 |
|a Chinese fiction
|y 20th century
|x History and criticism.
|
| 999 |
|
|
|a MARS
|
| 999 |
f |
f |
|s 47ff966e-c094-39d6-9e8c-3c54c27c5dd9
|i a3adbe17-630f-34cd-824f-5df5cb6691e8
|t 0
|
| 952 |
f |
f |
|p ric
|a Texas A&M University
|b Rellis Campus
|c Joint Library Facility
|d Remote Storage
|t 0
|e PL2442 .L5
|h Library of Congress classification
|i unmediated -- volume
|m A14806176547
|
| 998 |
f |
f |
|a PL2442 .L5
|t 0
|l Remote Storage
|